000 00782nam a2200253 a 4500
008
020 _a052165873X (pbk.)
049 _aMAIN
090 _aQP519.7
_bPRI
245 0 0 _aPrinciples and techniques of practical biochemistry /
_cedited by Keith Wilson and John Walker.
250 _a5th ed.
260 _aCambridge :
_bCambridge University Press,
_cc2000.
300 _axviii, 784 p. :
_bill. ;
_c25 cm.
504 _aIncludes bibliographical references.
500 _aIncludes index.
650 0 _aBiochemistry
_xMethodology.
700 1 _aWilson, Keith.
700 1 _aWalker, John M.
907 _a.b10075884
_b28-05-13
_c23-05-03
003
005 20230123133251.0
040 _cNUST
942 _cBOOKS
_kQP519.7
_mPRI
999 _c145626
_d145626